The message of The Quran (Record no. 62403)
[ view plain ]
| 000 -LEADER | |
|---|---|
| fixed length control field | 00635nam a22001937a 4500 |
| 003 - CONTROL NUMBER IDENTIFIER | |
| control field | NUST-PNEC |
| 005 - DATE AND TIME OF LATEST TRANSACTION | |
| control field | 20170116180747.0 |
| 008 - FIXED-LENGTH DATA ELEMENTS--GENERAL INFORMATION | |
| fixed length control field | 150218b xxu||||| |||| 00| 0 eng d |
| 020 ## - INTERNATIONAL STANDARD BOOK NUMBER | |
| International Standard Book Number | 9789675062544 |
| 040 ## - CATALOGING SOURCE | |
| Transcribing agency | LIBRARY |
| 082 ## - DEWEY DECIMAL CLASSIFICATION NUMBER | |
| Classification number | 297.122 ASA |
| 100 ## - MAIN ENTRY--PERSONAL NAME | |
| 9 (RLIN) | 1367 |
| Personal name | Asad, Muhammad |
| 245 ## - TITLE STATEMENT | |
| Title | The message of The Quran |
| Statement of responsibility, etc. | Muhammad Asad |
| 260 ## - PUBLICATION, DISTRIBUTION, ETC. | |
| Place of publication, distribution, etc. | Kula Lumpur : |
| Name of publisher, distributor, etc. | Islamic Book Trust, |
| Date of publication, distribution, etc. | c2013. |
| 300 ## - PHYSICAL DESCRIPTION | |
| Extent | 1248 p. : |
| Dimensions | 23 cm. |
| 650 ## - SUBJECT ADDED ENTRY--TOPICAL TERM | |
| 9 (RLIN) | 1368 |
| Topical term or geographic name entry element | Quran, Islam |
| General subdivision | Islam |
| 856 ## - ELECTRONIC LOCATION AND ACCESS | |
| Uniform Resource Identifier | <a href="http://www.amazon.com/Message-Quran-Muhammed-Asad/dp/9675062541/ref=sr_1_1?ie=UTF8&qid=1424291942&sr=8-1&keywords=9789675062544">http://www.amazon.com/Message-Quran-Muhammed-Asad/dp/9675062541/ref=sr_1_1?ie=UTF8&qid=1424291942&sr=8-1&keywords=9789675062544</a> |
| 942 ## - ADDED ENTRY ELEMENTS (KOHA) | |
| Source of classification or shelving scheme | |
| Koha item type | Book |
| Withdrawn status | Lost status | Source of classification or shelving scheme | Damaged status | Not for loan | Permanent Location | Current Location | Shelving location | Date acquired | Source of acquisition | Cost, normal purchase price | Total Checkouts | Full call number | Barcode | Date last seen | Cost, replacement price | Price effective from | Koha item type |
|---|---|---|---|---|---|---|---|---|---|---|---|---|---|---|---|---|---|
| Pakistan Navy Engineering College (PNEC) | Pakistan Navy Engineering College (PNEC) | 02/26/2014 | Paramount/Library Grant | 2710.40 | 297.122 ASA | PNECLIB-031662 | 02/18/2015 | 2710.40 | 02/26/2014 | Book |
